[Event "Albena BUL, Team Ch 2011 GrB Men"]
[Site "Albena BUL"]
[Date "2011.06.07"]
[Round "8.3"]
[White "Vutov, Mario"]
[Black "Dobrev, Nayden"]
[Result "1/2-1/2"]
[WhiteElo "2342"]
[BlackElo "2235"]
[PlyCount "95"]
[EventDate "2011.06.02"]
[EventType "team"]
[EventRounds "9"]
[EventCountry "BUL"]

1. e4 c5 2. Nf3 e6 3. d4 cxd4 4. Nxd4 a6 5. Bd3 Qc7 6. O-O Nf6 7. c4 Nc6 8.
Nxc6 dxc6 9. Be3 e5 10. Qb3 Nd7 11. Be2 Bc5 12. Rd1 Bxe3 13. Qxe3 O-O 14. Nd2
Nf6 15. c5 Be6 16. Nc4 Bxc4 17. Bxc4 Rad8 18. b4 Rxd1+ 19. Rxd1 Rd8 20. Rxd8+
Qxd8 21. Qd3 Qxd3 22. Bxd3 a5 23. a3 axb4 24. axb4 Kf8 25. Kf1 Ke7 26. Ke2 Nd7
27. Kd2 b6 28. cxb6 Nxb6 29. Kc3 Kd6 30. Bc4 f6 31. Bg8 h6 32. h4 Na8 33. Bb3
Kc7 34. Bc4 Kb6 35. Kb3 Nc7 36. Kc3 Ne8 37. Kb3 Nd6 38. Bd3 g5 39. h5 c5 40.
bxc5+ Kxc5 41. Kc3 Nb7 42. Bc4 Nd6 43. Bd3 Ne8 44. Be2 Nd6 45. Bd3 Nc8 46. Bc2
Ne7 47. Ba4 Nc8 48. Bc2 1/2-1/2

[Event "Albena BUL, Team Ch 2011 GrB Men"]
[Site "Albena BUL"]
[Date "2011.06.07"]
[Round "8.3"]
[White "Janachkov, Angel"]
[Black "Bonev, Todor"]
[Result "0-1"]
[WhiteElo "2223"]
[BlackElo "2317"]
[PlyCount "64"]
[EventDate "2011.06.02"]
[EventType "team"]
[EventRounds "9"]
[EventCountry "BUL"]

1. e4 c5 2. Nf3 d6 3. c3 Nf6 4. Bc4 e6 5. Qe2 Be7 6. d4 cxd4 7. cxd4 O-O 8. e5
Nfd7 9. O-O Nc6 10. Nc3 b6 11. exd6 Bxd6 12. Bxe6 Nf6 13. Bxc8 Rxc8 14. Bg5 h6
15. Bh4 Bf4 16. Rad1 g5 17. Bg3 Re8 18. Qd3 Bxg3 19. fxg3 Nd5 20. Rde1 Ncb4 21.
Qd2 Rxe1 22. Rxe1 Nxc3 23. bxc3 Nd5 24. Rc1 b5 25. Ne5 f6 26. Nd3 Nxc3 27. Nf4
b4 28. Qd3 Qe8 29. Rf1 gxf4 30. gxf4 Qe4 31. Qg3+ Kh7 32. Qh3 Rg8 0-1

[Event "Albena BUL, Team Ch 2011 GrB Men"]
[Site "Albena BUL"]
[Date "2011.06.07"]
[Round "8.3"]
[White "Vlashki, Nino"]
[Black "Tonchev, Miroslav"]
[Result "0-1"]
[WhiteElo "2243"]
[BlackElo "2274"]
[PlyCount "66"]
[EventDate "2011.06.02"]
[EventType "team"]
[EventRounds "9"]
[EventCountry "BUL"]

1. d4 Nf6 2. c4 d6 3. Nc3 Bf5 4. Nf3 g6 5. Bg5 Bg7 6. Nd2 h6 7. Bh4 g5 8. Bg3
Nh5 9. e3 Nxg3 10. hxg3 c5 11. Nb3 Nd7 12. Bd3 Bxd3 13. Qxd3 Rc8 14. d5 a6 15.
Nd2 Ne5 16. Qc2 Qd7 17. a4 f5 18. O-O-O Ng4 19. Nf1 Rf8 20. Rd2 Bxc3 21. bxc3
b5 22. axb5 axb5 23. cxb5 Qxb5 24. Qb2 Qc4 25. f3 Ne5 26. Qb7 Rd8 27. Kd1 Kf7
28. Qb1 Kg7 29. g4 Rb8 30. Qc2 Ra8 31. Ke1 fxg4 32. e4 Ra1+ 33. Kf2 Nxf3 0-1

[Event "Albena BUL, Team Ch 2011 GrB Men"]
[Site "Albena BUL"]
[Date "2011.06.07"]
[Round "8.3"]
[White "Avramov, Anton"]
[Black "Ivanov, Borislav"]
[Result "0-1"]
[WhiteElo "2193"]
[BlackElo "2225"]
[PlyCount "86"]
[EventDate "2011.06.02"]
[EventType "team"]
[EventRounds "9"]
[EventCountry "BUL"]

1. Nf3 Nf6 2. g3 d5 3. Bg2 Bf5 4. O-O c6 5. b3 h6 6. Bb2 e6 7. d3 Be7 8. Nbd2
O-O 9. Qe1 Bh7 10. e4 a5 11. a3 Na6 12. Qe2 Rc8 13. e5 Nd7 14. Kh1 c5 15. Ng1
a4 16. f4 axb3 17. cxb3 b5 18. g4 Qb6 19. f5 Rfe8 20. Qf2 c4 21. Qxb6 Nxb6 22.
Bd4 Bc5 23. Bxc5 Nxc5 24. dxc4 dxc4 25. b4 Nd3 26. Ne4 exf5 27. Nd6 fxg4 28.
Nxe8 Rxe8 29. Ne2 Rxe5 30. Nc3 Na4 31. Nxb5 Rxb5 32. Bc6 Nc3 33. Bxb5 Nxb5 34.
a4 Be4+ 35. Kg1 Nd4 36. Rfb1 Nf3+ 37. Kf1 Nd2+ 38. Ke2 Nxb1 39. Ke3 Nf2 40.
Kxf2 c3 41. Rxb1 Bxb1 42. Ke3 f5 43. b5 f4+ 0-1

[Event "Albena BUL, Team Ch 2011 GrB Men"]
[Site "Albena BUL"]
[Date "2011.06.07"]
[Round "8.3"]
[White "Stanoev, Atanas"]
[Black "Dimitrov, Dejan"]
[Result "1-0"]
[WhiteElo "2226"]
[BlackElo "2089"]
[PlyCount "153"]
[EventDate "2011.06.02"]
[EventType "team"]
[EventRounds "9"]
[EventCountry "BUL"]

1. d4 e6 2. c4 Nf6 3. Nf3 d5 4. Bg5 Nbd7 5. e3 Bb4+ 6. Nbd2 O-O 7. Bd3 c5 8.
cxd5 exd5 9. O-O h6 10. Bf4 Re8 11. Rc1 Qb6 12. h3 Ne4 13. dxc5 Ndxc5 14. Bb1
Be6 15. Nxe4 Nxe4 16. a3 Bf8 17. Nd2 Qxb2 18. Nxe4 dxe4 19. Bxe4 Qxa3 20. Bxb7
Rab8 21. Bc6 Rec8 22. Bg3 Rb6 23. Qf3 Bd7 24. Bd5 Rf6 25. Qd1 Rxc1 26. Qxc1 Bb5
27. Qxa3 Bxa3 28. Ra1 Ra6 29. Rb1 Be8 30. Rb8 Kf8 31. Bc4 Rb6 32. Ra8 Bc5 33.
Kh2 Rb2 34. Rc8 Be7 35. Bd5 Rb6 36. Ra8 a6 37. Bc4 Bd6 38. Rxa6 Bxg3+ 39. Kxg3
Rxa6 40. Bxa6 Ke7 41. Bb7 Bb5 42. Kf4 Kf6 43. h4 Be2 44. e4 g5+ 45. Ke3 Bf1 46.
g3 Bc4 47. f4 gxh4 48. gxh4 Ke7 49. Kf3 Kf6 50. Ke3 Kg6 51. f5+ Kg7 52. e5 Ba2
53. f6+ Kf8 54. Kf4 Bb3 55. Kg4 Bd1+ 56. Bf3 Bc2 57. Kh5 Bf5 58. Bd5 Kg8 59.
Kxh6 Bh3 60. Kg5 Bd7 61. h5 Be8 62. h6 Kh8 63. Be4 Bd7 64. Kf4 Kg8 65. Ke3 Bg4
66. Kd4 Be6 67. Kc5 Ba2 68. Bd5 Bb1 69. Kd4 Bg6 70. Be4 Bh5 71. Bf5 Bd1 72. Kd5
Bb3+ 73. Kd6 Ba4 74. Ke7 Bb3 75. Bg4 Ba2 76. Bh5 Bb3 77. Bxf7+ 1-0

[Event "Albena BUL, Team Ch 2011 GrB Men"]
[Site "Albena BUL"]
[Date "2011.06.07"]
[Round "8.4"]
[White "Tashkov, Rumen"]
[Black "Nenkov, Ljudmil"]
[Result "1/2-1/2"]
[WhiteElo "2248"]
[BlackElo "2294"]
[PlyCount "61"]
[EventDate "2011.06.02"]
[EventType "team"]
[EventRounds "9"]
[EventCountry "BUL"]

1. d4 d5 2. Nf3 e6 3. c4 Nf6 4. g3 Be7 5. Bg2 O-O 6. O-O c6 7. Qc2 Nbd7 8. Nbd2
b6 9. b3 Bb7 10. Bb2 Rc8 11. Rac1 Rc7 12. Qb1 Qb8 13. Rfd1 Rfc8 14. e4 dxe4 15.
Nxe4 c5 16. Ne5 cxd4 17. Bxd4 Qa8 18. Nxf6+ Nxf6 19. Bxb7 Qxb7 20. Qb2 h6 21.
Qe2 Qe4 22. Qxe4 Nxe4 23. f3 Nf6 24. Be3 Kf8 25. Kf2 Ke8 26. Ke2 Rb7 27. a4 Bc5
28. Nd3 Bxe3 29. Kxe3 Nd7 30. Rc2 Rbc7 31. Rcd2 1/2-1/2

[Event "Albena BUL, Team Ch 2011 GrB Men"]
[Site "Albena BUL"]
[Date "2011.06.07"]
[Round "8.4"]
[White "Nikolov, Jordan"]
[Black "Genov, Petko"]
[Result "0-1"]
[WhiteElo "2094"]
[BlackElo "2321"]
[PlyCount "78"]
[EventDate "2011.06.02"]
[EventType "team"]
[EventRounds "9"]
[EventCountry "BUL"]

1. e4 c5 2. c3 Nf6 3. e5 Nd5 4. Nf3 d6 5. d4 cxd4 6. Qxd4 e6 7. Nbd2 Nc6 8. Bb5
Bd7 9. Bxc6 Bxc6 10. Nc4 dxe5 11. Ncxe5 Qb6 12. Nxc6 bxc6 13. O-O Qxd4 14. Nxd4
Rc8 15. Re1 Be7 16. Re2 O-O 17. g3 Rfd8 18. Bd2 c5 19. Nf3 Bf6 20. Rae1 Nb6 21.
Re4 c4 22. g4 h6 23. h4 Bxh4 24. Re5 Bf6 25. Ra5 Rd7 26. Be3 Nd5 27. Bd4 Rb8
28. Nd2 Rxb2 29. Nxc4 Rc2 30. Bxf6 Nxf6 31. Ne5 Rc7 32. c4 Nd7 33. Nxd7 Rxd7
34. Re4 Rdd2 35. Rf4 Rxa2 36. Rc5 f6 37. Rc7 e5 38. Rf3 a5 39. Rb3 Rxf2 0-1

[Event "Albena BUL, Team Ch 2011 GrB Men"]
[Site "Albena BUL"]
[Date "2011.06.07"]
[Round "8.4"]
[White "Bochev, Krasimir"]
[Black "Danov, Lyubomir"]
[Result "1/2-1/2"]
[WhiteElo "2123"]
[BlackElo "2029"]
[PlyCount "96"]
[EventDate "2011.06.02"]
[EventType "team"]
[EventRounds "9"]
[EventCountry "BUL"]

1. Nf3 Nf6 2. c4 c6 3. Nc3 d5 4. e3 e6 5. b3 Nbd7 6. Bb2 Bd6 7. Qc2 Qe7 8. Be2
a6 9. d4 b5 10. O-O O-O 11. Rac1 Bb7 12. e4 Bf4 13. e5 Ne4 14. Rcd1 f5 15. Bc1
Bxc1 16. Rxc1 Nxc3 17. Qxc3 Rac8 18. Qd2 Rfd8 19. cxd5 cxd5 20. Qa5 Nb8 21. Qb6
Qd7 22. Ng5 Nc6 23. Rc3 h6 24. Nf3 Qc7 25. Qxc7 Rxc7 26. Rfc1 Rdc8 27. Kf1 Kf7
28. Ke1 Ke7 29. Kd2 Kd7 30. Rc5 Nb4 31. Rxc7+ Rxc7 32. Rxc7+ Kxc7 33. a3 Nc6
34. Kc3 Nd8 35. Ne1 Bc6 36. Nd3 Be8 37. h3 g5 38. g3 Kb6 39. f4 Bg6 40. Kd2 Nc6
41. Ke3 Ne7 42. Nc5 Bf7 43. Bd3 Ng6 44. Be2 gxf4+ 45. gxf4 Ne7 46. Nd7+ Kc7 47.
Nc5 Kb6 48. Nd7+ Kc7 1/2-1/2

[Event "Albena BUL, Team Ch 2011 GrB Men"]
[Site "Albena BUL"]
[Date "2011.06.07"]
[Round "8.4"]
[White "Asparuhov, Parvan"]
[Black "Stefanov, Plamen"]
[Result "1/2-1/2"]
[WhiteElo "2077"]
[BlackElo "2220"]
[PlyCount "167"]
[EventDate "2011.06.02"]
[EventType "team"]
[EventRounds "9"]
[EventCountry "BUL"]

1. e4 d5 2. exd5 Nf6 3. Nf3 Bg4 4. Be2 Qxd5 5. Nc3 Qa5 6. d4 c6 7. O-O e6 8.
Ne5 Bf5 9. Bf4 Bb4 10. Nc4 Qd8 11. a3 Be7 12. Bf3 O-O 13. Qd2 Na6 14. Rad1 Nc7
15. Rfe1 Ncd5 16. Nxd5 cxd5 17. Ne5 Rc8 18. c3 b5 19. Qe2 Qe8 20. Bg5 a5 21.
Bxf6 gxf6 22. Nd3 Qd7 23. Nf4 Rfe8 24. Qd2 Kh8 25. Be2 b4 26. axb4 axb4 27. Bd3
Bxd3 28. Qxd3 Qc7 29. Ne2 bxc3 30. bxc3 Rg8 31. g3 Qc4 32. Qf3 f5 33. Rb1 Qc7
34. Rb5 Rb8 35. Reb1 Rxb5 36. Rxb5 Ra8 37. Qd3 Ra1+ 38. Kg2 Bd6 39. Qd2 f4 40.
gxf4 Qc4 41. Rb2 Qa4 42. f5 Qa8 43. Qg5 Qg8 44. Qxg8+ Kxg8 45. fxe6 fxe6 46.
Rb6 Ra2 47. Ng1 Bf8 48. Rxe6 Kf7 49. Rc6 Rc2 50. Nf3 h6 51. c4 dxc4 52. Rxc4
Rxc4 53. Ne5+ Ke6 54. Nxc4 Kd5 55. Ne3+ Kxd4 56. Kf3 Ke5 57. Kg4 Ke4 58. Kg3
Bd6+ 59. Kg2 Bc5 60. Ng4 Bf8 61. h3 Kf4 62. Ne3 Ke4 63. Nf1 Kf4 64. Ng3 Kg5 65.
Ne4+ Kf4 66. f3 Ke5 67. Nf2 Kf4 68. Nd3+ Kf5 69. Kg3 Ba3 70. Kg2 Bd6 71. Nf2
Bf8 72. Ng4 Bg7 73. Ne3+ Kf4 74. Nd5+ Ke5 75. Nc3 Kf4 76. Ne2+ Ke3 77. Ng3 Bf8
78. Nh5 Bd6 79. h4 Be5 80. Ng3 Kf4 81. Ne2+ Ke3 82. Ng1 Bf6 83. Kg3 h5 84. Nh3
1/2-1/2

[Event "Albena BUL, Team Ch 2011 GrB Men"]
[Site "Albena BUL"]
[Date "2011.06.07"]
[Round "8.5"]
[White "Bozov, Ahmet"]
[Black "Trickov, Vasil"]
[Result "0-1"]
[WhiteElo "2101"]
[BlackElo "2328"]
[PlyCount "68"]
[EventDate "2011.06.02"]
[EventType "team"]
[EventRounds "9"]
[EventCountry "BUL"]

1. e4 c5 2. Nf3 d6 3. d4 Nf6 4. Nc3 cxd4 5. Nxd4 a6 6. Bg5 e6 7. f4 Qb6 8. Nb3
Nbd7 9. Qf3 Qc7 10. O-O-O b5 11. Bd3 Bb7 12. a3 Be7 13. Rhe1 h6 14. Bxf6 Bxf6
15. Bxb5 axb5 16. Nxb5 Qc6 17. Nxd6+ Kf8 18. Nxb7 Qxb7 19. Rxd7 Bxb2+ 20. Kxb2
Qxd7 21. e5 Qa7 22. Ra1 Ke7 23. Qg3 Rhb8 24. Qxg7 Qd4+ 25. Kb1 Rxb3+ 26. cxb3
Qd1+ 27. Kb2 Qd2+ 28. Kb1 Rc8 29. Qf6+ Ke8 30. Qh8+ Kd7 31. Qxc8+ Kxc8 32. g3
Qxh2 33. a4 Qxg3 34. Ka2 Qxf4 0-1

[Event "Albena BUL, Team Ch 2011 GrB Men"]
[Site "Albena BUL"]
[Date "2011.06.07"]
[Round "8.5"]
[White "Todorov, Momchil"]
[Black "Yotov, Yoto"]
[Result "1/2-1/2"]
[WhiteElo "2212"]
[BlackElo "2026"]
[PlyCount "86"]
[EventDate "2011.06.02"]
[EventType "team"]
[EventRounds "9"]
[EventCountry "BUL"]

1. e4 c6 2. d4 d5 3. Nc3 dxe4 4. Nxe4 Bf5 5. Ng3 Bg6 6. Nf3 Nd7 7. h4 h6 8. h5
Bh7 9. Bd3 Bxd3 10. Qxd3 e6 11. Bd2 Ngf6 12. O-O-O Be7 13. Ne4 Nxe4 14. Qxe4
Nf6 15. Qe2 Qd5 16. c4 Qe4 17. Rde1 Qxe2 18. Rxe2 O-O 19. Ne5 Rad8 20. Bc3 Rfe8
21. g4 Bd6 22. f4 Bxe5 23. dxe5 Nh7 24. Rd2 Rxd2 25. Kxd2 f6 26. Ke3 Rd8 27. a4
Kf7 28. Rg1 Rd7 29. Bd4 a6 30. b4 fxe5 31. Bxe5 Nf6 32. a5 Rd8 33. Bd4 Rd7 34.
Rg2 Rd8 35. Bxf6 Kxf6 36. Rd2 Rxd2 37. Kxd2 e5 38. Ke3 exf4+ 39. Kxf4 g6 40.
hxg6 Kxg6 41. Kf3 Kf6 42. Kf4 Kg6 43. Kf3 Kf6 1/2-1/2

[Event "Albena BUL, Team Ch 2011 GrB Men"]
[Site "Albena BUL"]
[Date "2011.06.07"]
[Round "8.5"]
[White "Yotov, Hristo"]
[Black "Stoynov, Ivan"]
[Result "0-1"]
[WhiteElo "1987"]
[BlackElo "2304"]
[PlyCount "77"]
[EventDate "2011.06.02"]
[EventType "team"]
[EventRounds "9"]
[EventCountry "BUL"]

1. d4 g6 2. Nf3 Bg7 3. e3 d6 4. c4 Nf6 5. Nc3 O-O 6. Bd3 Nbd7 7. O-O e5 8. Qc2
Re8 9. Bd2 c6 10. Rab1 Qe7 11. dxe5 dxe5 12. e4 Nc5 13. Bg5 a5 14. h3 h6 15.
Be3 Nfd7 16. Nh2 Ne6 17. Ne2 Ndc5 18. Rbd1 Nd4 19. Qd2 Kh7 20. f3 a4 21. Nxd4
exd4 22. Bf2 h5 23. Rfe1 Bh6 24. Qb4 Nxd3 25. Qxe7 Rxe7 26. Rxd3 c5 27. Nf1 Bd7
28. g4 b5 29. cxb5 Bxb5 30. Rdd1 Bc4 31. Bg3 Rd8 32. gxh5 gxh5 33. Kf2 Rb7 34.
b3 axb3 35. axb3 Rxb3 36. f4 Rg8 37. Bh4 Bxf4 38. Be7 Rc8 39. Nd2 0-1

[Event "Albena BUL, Team Ch 2011 GrB Men"]
[Site "Albena BUL"]
[Date "2011.06.07"]
[Round "8.5"]
[White "Stoynov, Yordan"]
[Black "Vasilev, Vergil"]
[Result "1-0"]
[WhiteElo "2240"]
[BlackElo "2005"]
[PlyCount "91"]
[EventDate "2011.06.02"]
[EventType "team"]
[EventRounds "9"]
[EventCountry "BUL"]

1. e4 d5 2. exd5 Nf6 3. Bb5+ Bd7 4. Bc4 b5 5. Be2 Nxd5 6. d4 e6 7. Nf3 c5 8.
O-O c4 9. a4 Qa5 10. Ne5 Bd6 11. Na3 Bxe5 12. dxe5 a6 13. Bf3 Bc6 14. Qd4 Qb4
15. Bd2 Qxa4 16. Qc5 c3 17. Bxc3 Qh4 18. Bxd5 Bxd5 19. Rfd1 Nd7 20. Qe3 O-O 21.
Rd4 Qh5 22. Qg3 Nc5 23. f3 Rfc8 24. Rg4 g6 25. Rg5 Qh6 26. h4 Nd7 27. h5 Qg7
28. hxg6 hxg6 29. Rd1 Nb6 30. Rd4 Nc4 31. Rdg4 Kh7 32. Rh4+ Kg8 33. Bb4 Ne3 34.
Rh2 Nf5 35. Qe1 Rc6 36. Bd2 Rcc8 37. c3 Kf8 38. Nc2 Kg8 39. Rg4 Qf8 40. Bg5
Qc5+ 41. Qf2 Qxf2+ 42. Kxf2 Ng7 43. Bf6 Bb3 44. Rgh4 Nh5 45. Rxh5 gxh5 46. Rxh5
1-0

[Event "Albena BUL, Team Ch 2011 GrB Men"]
[Site "Albena BUL"]
[Date "2011.06.08"]
[Round "9.1"]
[White "Trickov, Vasil"]
[Black "Karakehajov, Kalin"]
[Result "0-1"]
[WhiteElo "2328"]
[BlackElo "2493"]
[PlyCount "120"]
[EventDate "2011.06.02"]
[EventType "team"]
[EventRounds "9"]
[EventCountry "BUL"]

1. d4 d5 2. Nf3 e6 3. g3 Nf6 4. Bg2 Be7 5. c4 c6 6. Qc2 O-O 7. O-O Nbd7 8. b3
b6 9. Rd1 a5 10. Nbd2 Bb7 11. e4 Rc8 12. Bb2 Qc7 13. Rac1 Qb8 14. Re1 Rfd8 15.
Qb1 Qa8 16. e5 Ne8 17. cxd5 cxd5 18. Rxc8 Rxc8 19. Rc1 Ba6 20. Rxc8 Qxc8 21.
Qc1 Qxc1+ 22. Bxc1 f6 23. exf6 gxf6 24. Bb2 Kf7 25. h4 h5 26. Bf1 Bxf1 27. Kxf1
Nb8 28. a4 Nc6 29. Nb1 Ng7 30. Ke2 Nf5 31. Kd3 Nb4+ 32. Ke2 Nc6 33. Kd3 Nh6 34.
Ba3 e5 35. dxe5 fxe5 36. Bxe7 e4+ 37. Kc3 Kxe7 38. Nd4 Nxd4 39. Kxd4 Ke6 40.
Ke3 Ke5 41. Na3 Nf5+ 42. Kd2 e3+ 43. fxe3 Nxg3 44. Nc2 Nf5 45. b4 Ke4 46. bxa5
bxa5 47. Ke2 Nxh4 48. Nd4 Nf5 49. Nc6 d4 50. Nxa5 d3+ 51. Kf2 d2 52. Ke2 Nxe3
53. Kxd2 h4 54. Nc4 Nxc4+ 55. Ke2 Kf4 56. Kf2 h3 57. Kg1 Kg3 58. Kh1 h2 59. a5
Ne3 60. a6 Ng4 0-1

[Event "Albena BUL, Team Ch 2011 GrB Men"]
[Site "Albena BUL"]
[Date "2011.06.08"]
[Round "9.2"]
[White "Nenkov, Ljudmil"]
[Black "Bozov, Ahmet"]
[Result "1-0"]
[WhiteElo "2294"]
[BlackElo "2101"]
[PlyCount "201"]
[EventDate "2011.06.02"]
[EventType "team"]
[EventRounds "9"]
[EventCountry "BUL"]

1. Nf3 d5 2. g3 c6 3. Bg2 Bg4 4. d4 Nd7 5. O-O Ngf6 6. Nbd2 e6 7. Re1 Be7 8. e4
O-O 9. c3 Qb6 10. h3 Bh5 11. a4 a5 12. exd5 cxd5 13. Qb3 Qxb3 14. Nxb3 Bg6 15.
Bf4 Rfc8 16. Bf1 Bc2 17. Nbd2 Nb6 18. Bb5 Nc4 19. Nxc4 dxc4 20. Bg5 h6 21. Bxf6
gxf6 22. Nd2 Bb3 23. Re3 Rc7 24. Nxb3 cxb3 25. f4 Rd8 26. Kf2 Rd5 27. Rae1 Bd6
28. Kf3 Bf8 29. h4 h5 30. Kf2 Kh7 31. Be2 Kh6 32. Bd1 Rd6 33. Be2 Rd5 34. Re4
Rc8 35. Bb5 Kg6 36. Kf3 Kg7 37. R1e2 Kg6 38. R4e3 Rc7 39. Ke4 b6 40. Kd3 Kf5
41. Bc4 Rd8 42. Bxb3 Bd6 43. Rf2 Kg6 44. Bc2 f5 45. Bb3 Kf6 46. Rfe2 Re7 47.
Re1 Rg8 48. Bd1 Rh8 49. Ke2 Rc7 50. Bb3 Rg8 51. Kf2 Bf8 52. Re5 Rg6 53. Bd1 Rh6
54. Bf3 Rd7 55. R1e2 Bd6 56. R5e3 Rd8 57. Rd3 Rhh8 58. Re1 Rc8 59. Bd1 Rb8 60.
Kf3 b5 61. axb5 Rxb5 62. Re2 Rhb8 63. Rdd2 Kg6 64. Ke3 R5b7 65. Kd3 Bc7 66. Rg2
Bd6 67. Ba4 Kf6 68. Bd1 Kg6 69. Ke3 Rb6 70. Kf3 R6b7 71. Ba4 Kf6 72. Rc2 Rd8
73. Rgd2 Be7 74. Ke3 Rbb8 75. Rd1 Rb6 76. Ra1 Rdb8 77. Ra2 Bd8 78. Rd2 Rd6 79.
Bd1 Kg6 80. Kd3 Bb6 81. Re2 Bc7 82. Re3 Rdb6 83. Kc2 Rd6 84. Bf3 Bd8 85. Re5
Bb6 86. Rb5 Rg8 87. Ra1 Kh6 88. Rg1 Rgd8 89. Rg2 Rg8 90. Kd3 Rgd8 91. Ke3 Rg8
92. Kf2 Rgd8 93. Rg1 Kg6 94. Rd1 Rc8 95. Ra1 Rc7 96. Be2 Rcc6 97. Ra4 Rc8 98.
Rc4 Rb8 99. Kg2 Rbd8 100. Bf3 R8d7 101. Bc6 1-0

[Event "Albena BUL, Team Ch 2011 GrB Men"]
[Site "Albena BUL"]
[Date "2011.06.08"]
[Round "9.2"]
[White "Yotov, Yoto"]
[Black "Nikolov, Jordan"]
[Result "1/2-1/2"]
[WhiteElo "2026"]
[BlackElo "2094"]
[PlyCount "84"]
[EventDate "2011.06.02"]
[EventType "team"]
[EventRounds "9"]
[EventCountry "BUL"]

1. d4 d5 2. Nf3 c6 3. g3 Bf5 4. Bg2 e6 5. O-O Nf6 6. b3 Nbd7 7. Bb2 Be7 8. Nbd2
h6 9. c4 O-O 10. Ne5 Bd6 11. Nxd7 Qxd7 12. Rc1 Qe7 13. c5 Bc7 14. Nf3 Be4 15.
e3 Rad8 16. b4 Nd7 17. a4 a6 18. Qe2 Qf6 19. Nd2 Bxg2 20. Kxg2 Qg6 21. Nf3 Rfe8
22. b5 axb5 23. axb5 Rc8 24. bxc6 bxc6 25. Qc2 Qxc2 26. Rxc2 Ra8 27. Ra1 Rxa1
28. Bxa1 Ra8 29. Bc3 f6 30. Rb2 Ra7 31. Ne1 Kf7 32. Kf3 g5 33. Ke2 e5 34. f3 h5
35. Kd3 Ke6 36. Nc2 f5 37. Nb4 e4+ 38. fxe4 fxe4+ 39. Ke2 Nb8 40. Ra2 Rxa2+ 41.
Nxa2 Kf5 42. Kf2 Kg4 1/2-1/2

[Event "Albena BUL, Team Ch 2011 GrB Men"]
[Site "Albena BUL"]
[Date "2011.06.08"]
[Round "9.2"]
[White "Danov, Lyubomir"]
[Black "Yotov, Hristo"]
[Result "1-0"]
[WhiteElo "2029"]
[BlackElo "1987"]
[PlyCount "131"]
[EventDate "2011.06.02"]
[EventType "team"]
[EventRounds "9"]
[EventCountry "BUL"]

1. e4 e6 2. d4 d5 3. e5 c5 4. c3 Nc6 5. Nf3 Bd7 6. a3 Rc8 7. b4 cxd4 8. cxd4 a6
9. Be2 Na7 10. O-O Bb5 11. Bg5 Be7 12. Bxe7 Nxe7 13. Nbd2 O-O 14. Nb3 Ba4 15.
Qd3 Bxb3 16. Qxb3 Qb6 17. Rac1 Nac6 18. Rc5 Nxd4 19. Nxd4 Rxc5 20. bxc5 Qxc5
21. Qxb7 Qxa3 22. Qxa6 Qb2 23. Qa1 Qd2 24. Re1 Ng6 25. Nf3 Qb4 26. Bf1 Rd8 27.
Qd4 Qb8 28. h4 h6 29. Bd3 Ne7 30. Bc2 Rc8 31. Bd3 Nc6 32. Qg4 Qb2 33. Qa4 Qc3
34. Bf1 Rb8 35. Qa1 Qb4 36. Rc1 Ne7 37. Bd3 Qf4 38. Rd1 Nf5 39. Qc1 Qg4 40. Nh2
Qxh4 41. Bxf5 exf5 42. Nf3 Qe4 43. Re1 Qg4 44. Qd2 Rd8 45. Qd4 Qg6 46. Rb1 Qc6
47. Qb6 Qe8 48. Nd4 Rc8 49. e6 fxe6 50. Qxe6+ Qxe6 51. Nxe6 Kf7 52. Nf4 Rd8 53.
Rb7+ Kf6 54. Nh5+ Kg6 55. Nxg7 Kf6 56. Nh5+ Ke5 57. Re7+ Kd4 58. Nf4 Kc3 59.
Kf1 Kd2 60. Ra7 d4 61. Ra2+ Kd1 62. Ra3 Kc2 63. Nd3 Re8 64. Nb4+ Kd2 65. Rd3+
Kc1 66. Rxd4 1-0

[Event "Albena BUL, Team Ch 2011 GrB Men"]
[Site "Albena BUL"]
[Date "2011.06.08"]
[Round "9.2"]
[White "Vasilev, Vergil"]
[Black "Asparuhov, Parvan"]
[Result "1-0"]
[WhiteElo "2005"]
[BlackElo "2077"]
[PlyCount "75"]
[EventDate "2011.06.02"]
[EventType "team"]
[EventRounds "9"]
[EventCountry "BUL"]

1. e4 e5 2. d4 Nc6 3. dxe5 Nxe5 4. Nc3 d6 5. Bd2 Nf6 6. f4 Nc6 7. Nf3 Bg4 8.
Bd3 Be7 9. h3 Bxf3 10. Qxf3 O-O 11. O-O-O Nd4 12. Qf2 c5 13. g4 b5 14. g5 Nd7
15. Nxb5 Qb6 16. Na3 d5 17. Be3 dxe4 18. Bxe4 Rab8 19. c3 Qe6 20. Bb1 Rfc8 21.
Rhe1 Qc6 22. Bxd4 cxd4 23. Rxe7 dxc3 24. b3 Nc5 25. Qc2 g6 26. Nc4 Qf3 27. Re3
Qxf4 28. Qxc3 Re8 29. Qf6 Qc7 30. Rde1 Ne6 31. Qe5 Qc6 32. Be4 Qa6 33. Qa5 Qc8
34. Bd5 Qd7 35. Bxe6 fxe6 36. Qe5 Rbc8 37. Kb2 Rc6 38. R1e2 1-0

[Event "Albena BUL, Team Ch 2011 GrB Men"]
[Site "Albena BUL"]
[Date "2011.06.08"]
[Round "9.3"]
[White "Pantev, Veselin"]
[Black "Tashkov, Rumen"]
[Result "1/2-1/2"]
[WhiteElo "2381"]
[BlackElo "2248"]
[PlyCount "61"]
[EventDate "2011.06.02"]
[EventType "team"]
[EventRounds "9"]
[EventCountry "BUL"]

1. d4 d6 2. Nf3 g6 3. c4 Bg7 4. Nc3 Bg4 5. e3 Nc6 6. Be2 e5 7. d5 Nce7 8. h3
Bd7 9. e4 h5 10. Be3 Bh6 11. Bxh6 Rxh6 12. Qd2 Kf8 13. O-O-O Kg7 14. Kb1 Nf6
15. Ne1 Rh8 16. Nd3 Be8 17. f4 exf4 18. Qxf4 Nd7 19. a3 f6 20. Qe3 Ne5 21. Nxe5
fxe5 22. Rhf1 Ng8 23. c5 Qe7 24. cxd6 cxd6 25. Rc1 Nf6 26. Rc2 Bd7 27. Rfc1
Rhc8 28. Nd1 a6 29. Rxc8 Rxc8 30. Rxc8 Bxc8 31. Nc3 1/2-1/2

[Event "Albena BUL, Team Ch 2011 GrB Men"]
[Site "Albena BUL"]
[Date "2011.06.08"]
[Round "9.3"]
[White "Genov, Petko"]
[Black "Vutov, Mario"]
[Result "1/2-1/2"]
[WhiteElo "2321"]
[BlackElo "2342"]
[PlyCount "60"]
[EventDate "2011.06.02"]
[EventType "team"]
[EventRounds "9"]
[EventCountry "BUL"]

1. d4 d5 2. c4 c6 3. cxd5 cxd5 4. Nc3 Nc6 5. Bf4 Nf6 6. e3 Bf5 7. Nf3 e6 8. Bd3
Bxd3 9. Qxd3 Bd6 10. Bxd6 Qxd6 11. O-O O-O 12. Rac1 Rac8 13. h3 Nd7 14. Na4 Ne7
15. Qd2 Rxc1 16. Rxc1 Rc8 17. Rxc8+ Nxc8 18. Ne1 Qc6 19. Qc2 Qxc2 20. Nxc2 Kf8
21. Kf1 Ke7 22. Ke2 Kd6 23. Nc3 a6 24. Nb4 Ne7 25. Nd3 Nc6 26. b3 f6 27. f4 b6
28. g3 f5 29. Kd2 g6 30. a3 Kc7 1/2-1/2

[Event "Albena BUL, Team Ch 2011 GrB Men"]
[Site "Albena BUL"]
[Date "2011.06.08"]
[Round "9.3"]
[White "Bonev, Todor"]
[Black "Bochev, Krasimir"]
[Result "1/2-1/2"]
[WhiteElo "2317"]
[BlackElo "2123"]
[PlyCount "60"]
[EventDate "2011.06.02"]
[EventType "team"]
[EventRounds "9"]
[EventCountry "BUL"]

1. e4 c5 2. Nf3 e6 3. d4 cxd4 4. Nxd4 Nc6 5. Nc3 Qc7 6. Be2 Nf6 7. O-O Be7 8.
Be3 O-O 9. f4 d6 10. Qe1 Nxd4 11. Bxd4 e5 12. Be3 exf4 13. Rxf4 Be6 14. Qg3 Nd7
15. Bd4 Ne5 16. Raf1 a6 17. Kh1 Rac8 18. a3 Qd8 19. Rd1 Qc7 20. Bg1 Rfe8 21.
Rff1 Bf8 22. Qe3 Qa5 23. Bd3 Ng4 24. Qb6 Qxb6 25. Bxb6 Ne5 26. Bd4 Nc6 27. Ne2
Ne5 28. h3 Nc6 29. Be3 Ne5 30. Nd4 Nc4 1/2-1/2

[Event "Albena BUL, Team Ch 2011 GrB Men"]
[Site "Albena BUL"]
[Date "2011.06.08"]
[Round "9.3"]
[White "Stefanov, Plamen"]
[Black "Ivanov, Borislav"]
[Result "0-1"]
[WhiteElo "2220"]
[BlackElo "2225"]
[PlyCount "141"]
[EventDate "2011.06.02"]
[EventType "team"]
[EventRounds "9"]
[EventCountry "BUL"]

1. e4 c6 2. d4 d5 3. exd5 cxd5 4. c4 Nf6 5. Nc3 Nc6 6. Nf3 Bg4 7. cxd5 Nxd5 8.
Be2 e6 9. O-O Be7 10. h3 Bf5 11. Bb5 O-O 12. a3 Rc8 13. Be3 a6 14. Be2 Qd7 15.
Rc1 Nxc3 16. Rxc3 Rfd8 17. Qc1 Bf6 18. Rd1 Qe8 19. Bg5 Bxg5 20. Qxg5 h6 21. Qf4
Ne7 22. Rc5 Rc6 23. Rdc1 Rcd6 24. g4 Bg6 25. Qe3 Nc6 26. Bf1 Nxd4 27. Ne5 Bh7
28. Rc7 Bg6 29. Rxb7 Rb8 30. Rxb8 Qxb8 31. b4 Qb7 32. Bg2 Qb5 33. Rc8+ Kh7 34.
Be4 Qxe5 35. Bxg6+ fxg6 36. Qxe5 Nf3+ 37. Kg2 Nxe5 38. Rc5 Nd3 39. Ra5 Rb6 40.
Kg3 g5 41. f3 Kg6 42. h4 gxh4+ 43. Kxh4 Kf6 44. g5+ hxg5+ 45. Rxg5 Rb5 46. Rg1
Rf5 47. Rf1 Rf4+ 48. Kg3 g5 49. Rb1 Ne5 50. Rb3 Rd4 51. a4 Rd3 52. Rxd3 Nxd3
53. b5 axb5 54. axb5 Kf5 55. b6 Nc5 56. Kf2 Kf4 57. Ke2 e5 58. Kf2 e4 59. fxe4
Kxe4 60. Kg3 Kf5 61. Kf3 Nb7 62. Kf2 Kf4 63. Kg2 g4 64. Kf1 Kg3 65. Kg1 Kf3 66.
Kf1 g3 67. Kg1 Nc5 68. b7 Nxb7 69. Kf1 g2+ 70. Kg1 Nc5 71. Kh2 0-1